<?xml version="1.0" encoding="UTF-8"?>
<record
    xmlns:xsi="http://www.w3.org/2001/XMLSchema-instance"
    xsi:schemaLocation="http://www.loc.gov/MARC21/slim http://www.loc.gov/standards/marcxml/schema/MARC21slim.xsd"
    xmlns="http://www.loc.gov/MARC21/slim">

  <leader>01009na  a2200277   4500</leader>
  <controlfield tag="001">16428</controlfield>
  <controlfield tag="003">MIRAKIL</controlfield>
  <controlfield tag="005">20181213155056.0</controlfield>
  <controlfield tag="008">161006b        tu            000 0      </controlfield>
  <datafield tag="035" ind1=" " ind2=" ">
    <subfield code="a">16428</subfield>
  </datafield>
  <datafield tag="040" ind1=" " ind2=" ">
    <subfield code="a">Milas</subfield>
    <subfield code="b">tur</subfield>
    <subfield code="c">TR-AnCHP</subfield>
  </datafield>
  <datafield tag="041" ind1=" " ind2=" ">
    <subfield code="a">ger</subfield>
  </datafield>
  <datafield tag="082" ind1=" " ind2=" ">
    <subfield code="a">324.243072</subfield>
    <subfield code="b">S62d 1990</subfield>
  </datafield>
  <datafield tag="090" ind1=" " ind2=" ">
    <subfield code="a">324.243072 S62d 1990</subfield>
  </datafield>
  <datafield tag="110" ind1=" " ind2=" ">
    <subfield code="a">Almanya Sosyal Demokrat Partisi (SPD)</subfield>
  </datafield>
  <datafield tag="245" ind1=" " ind2=" ">
    <subfield code="a">Der neue weg</subfield>
    <subfield code="b">&#xF6;kologisch, sozial, wirtschaftlich stark</subfield>
    <subfield code="c">Almanya Sosyal Demokrat Partisi (SPD)</subfield>
  </datafield>
  <datafield tag="246" ind1=" " ind2=" ">
    <subfield code="a">regierungsprogramm 1990-1994</subfield>
  </datafield>
  <datafield tag="246" ind1=" " ind2=" ">
    <subfield code="a">&#xF6;kologisch, sozial, wirtschaftlich stark</subfield>
  </datafield>
  <datafield tag="260" ind1=" " ind2=" ">
    <subfield code="a">Berlin</subfield>
    <subfield code="b">Almanya Sosyal Demokrat Partisi (SPD)</subfield>
    <subfield code="c">1990</subfield>
  </datafield>
  <datafield tag="500" ind1=" " ind2=" ">
    <subfield code="a">Eser ad&#x131; ba&#x15F;&#x131;nda: regierungsprogramm 1990-1994</subfield>
  </datafield>
  <datafield tag="650" ind1=" " ind2=" ">
    <subfield code="a">Almanya Sosyal Demokrat Partisi (SPD)</subfield>
    <subfield code="x">Parti programlar&#x131;</subfield>
    <subfield code="y">1990-1994</subfield>
  </datafield>
  <datafield tag="651" ind1=" " ind2=" ">
    <subfield code="a">Almanya</subfield>
    <subfield code="x">Ekonomik g&#xFC;&#xE7;</subfield>
    <subfield code="y">1990-1994</subfield>
  </datafield>
  <datafield tag="651" ind1=" " ind2=" ">
    <subfield code="a">Almanya</subfield>
    <subfield code="x">Sosyal g&#xFC;&#xE7;</subfield>
    <subfield code="y">1990-1994</subfield>
  </datafield>
  <datafield tag="651" ind1=" " ind2=" ">
    <subfield code="a">Almanya</subfield>
    <subfield code="x">Sosyal demokrat partiler</subfield>
    <subfield code="y">Parti programlar&#x131;</subfield>
  </datafield>
  <datafield tag="942" ind1=" " ind2=" ">
    <subfield code="2">ddc</subfield>
    <subfield code="c">BKS</subfield>
  </datafield>
  <datafield tag="952" ind1=" " ind2=" ">
    <subfield code="a">0001</subfield>
    <subfield code="b">0001</subfield>
    <subfield code="d">2016-10-06</subfield>
    <subfield code="e">2</subfield>
    <subfield code="l">0</subfield>
    <subfield code="o">324.243072 S62d 1990</subfield>
    <subfield code="p">005235</subfield>
    <subfield code="r">2016-10-06 00:00:00</subfield>
    <subfield code="v">0.00</subfield>
    <subfield code="w">2016-10-06</subfield>
    <subfield code="y">BKS</subfield>
  </datafield>
  <datafield tag="952" ind1=" " ind2=" ">
    <subfield code="a">0001</subfield>
    <subfield code="b">0001</subfield>
    <subfield code="d">2016-10-06</subfield>
    <subfield code="e">2</subfield>
    <subfield code="l">0</subfield>
    <subfield code="o">324.243072 S62d 1990</subfield>
    <subfield code="p">005236</subfield>
    <subfield code="r">2016-10-06 00:00:00</subfield>
    <subfield code="t">k.2</subfield>
    <subfield code="v">0.00</subfield>
    <subfield code="w">2016-10-06</subfield>
    <subfield code="y">BKS</subfield>
  </datafield>
  <datafield tag="999" ind1=" " ind2=" ">
    <subfield code="c">6106</subfield>
    <subfield code="d">6106</subfield>
  </datafield>
</record>
